| 000 -LEADER |
| fixed length control field |
01537cam a22004097a 4500 |
| 001 - CONTROL NUMBER |
| control field |
14910409 |
| 003 - CONTROL NUMBER IDENTIFIER |
| control field |
NUST |
| 005 - DATE AND TIME OF LATEST TRANSACTION |
| control field |
20191210121726.0 |
| 008 - FIXED-LENGTH DATA ELEMENTS--GENERAL INFORMATION |
| fixed length control field |
060915s2005 fr a b 101 0 eng d |
| 010 ## - LIBRARY OF CONGRESS CONTROL NUMBER |
| LC control number |
2007459609 |
| 020 ## - INTERNATIONAL STANDARD BOOK NUMBER |
| International Standard Book Number |
2912143616 |
| 020 ## - INTERNATIONAL STANDARD BOOK NUMBER |
| International Standard Book Number |
9782912143617 |
| 020 ## - INTERNATIONAL STANDARD BOOK NUMBER |
| International Standard Book Number |
2912143624 (ebook) |
| 020 ## - INTERNATIONAL STANDARD BOOK NUMBER |
| International Standard Book Number |
9782912143624 (ebook) |
| 035 ## - SYSTEM CONTROL NUMBER |
| System control number |
(CStRLIN)CUBGGLAD152081032-B |
| 038 ## - RECORD CONTENT LICENSOR |
| Staff Name |
MSOHAIL |
| 040 ## - CATALOGING SOURCE |
| Original cataloging agency |
HUA |
| Transcribing agency |
HUA |
| Modifying agency |
TZT |
| -- |
CUY |
| -- |
DLC |
| 042 ## - AUTHENTICATION CODE |
| Authentication code |
lccopycat |
| 050 00 - LIBRARY OF CONGRESS CALL NUMBER |
| Classification number |
TA680 |
| Item number |
.I655 2005 |
| 082 ## - DEWEY DECIMAL CLASSIFICATION NUMBER |
| Classification number |
620.136 RIL |
| 111 2# - MAIN ENTRY--MEETING NAME |
| Meeting name or jurisdiction name as entry element |
International Symposium on Design, Performance and Use of Self-Consolidating Concrete |
| Number of part/section/meeting |
(1st : |
| Date of meeting |
2005 : |
| Location of meeting |
Changsha, China) |
| 9 (RLIN) |
26673 |
| 245 10 - TITLE STATEMENT |
| Title |
Design, Performance and Use of Self-Consolidating |
| Statement of responsibility, etc. |
edited by Zhiwu Yu ... [et al.]. |
| 260 ## - PUBLICATION, DISTRIBUTION, ETC. |
| Place of publication, distribution, etc. |
Bagneux : |
| Name of publisher, distributor, etc. |
RILEM, |
| Date of publication, distribution, etc. |
c2014 |
| 300 ## - PHYSICAL DESCRIPTION |
| Extent |
xiii, 438 p. : |
| Other physical details |
ill. ; |
| Dimensions |
25 cm. |
| 490 1# - SERIES STATEMENT |
| Series statement |
RILEM proceedings ; |
| Volume/sequential designation |
PRO 42 |
| 504 ## - BIBLIOGRAPHY, ETC. NOTE |
| Bibliography, etc. note |
Includes bibliographical references and index. |
| 650 #0 - SUBJECT ADDED ENTRY--TOPICAL TERM |
| Topical term or geographic name entry element |
Self-consolidating concrete |
| Form subdivision |
Congresses. |
| 9 (RLIN) |
26674 |
| 650 #0 - SUBJECT ADDED ENTRY--TOPICAL TERM |
| Topical term or geographic name entry element |
Concrete |
| General subdivision |
Research |
| Form subdivision |
Congresses. |
| 9 (RLIN) |
26675 |
| 650 #0 - SUBJECT ADDED ENTRY--TOPICAL TERM |
| Topical term or geographic name entry element |
Concrete construction |
| General subdivision |
Congresses. |
| 9 (RLIN) |
26676 |
| 700 1# - ADDED ENTRY--PERSONAL NAME |
| Personal name |
Yu, Zhiwu. |
| 9 (RLIN) |
26677 |
| 710 2# - ADDED ENTRY--CORPORATE NAME |
| Corporate name or jurisdiction name as entry element |
International Association of Testing and Research Laboratories for Materials and Structures. |
| 9 (RLIN) |
26678 |
| 830 #0 - SERIES ADDED ENTRY--UNIFORM TITLE |
| Uniform title |
RILEM proceedings (1995) ; |
| Volume/sequential designation |
PRO 42. |
| 9 (RLIN) |
26679 |
| 906 ## - LOCAL DATA ELEMENT F, LDF (RLIN) |
| a |
7 |
| b |
cbc |
| c |
copycat |
| d |
2 |
| e |
ncip |
| f |
20 |
| g |
y-gencatlg |
| 942 ## - ADDED ENTRY ELEMENTS (KOHA) |
| Source of classification or shelving scheme |
|
| Koha item type |
Book |